Elenchi e cataloghi di periodici in Italia, 1946-1966 / (Record no. 38634)

MARC details
000 -LEADER
campo de control de longitud fija 00762nam a2200205 i 4500
001 - NÚMERO DE CONTROL
campo de control 38634
003 - IDENTIFICADOR DE NÚMERO DE CONTROL
campo de control ES-MaACL
005 - FECHA Y HORA DE LA ÚLTIMA TRANSACCIÓN
campo de control 20230906155807.0
007 - CAMPO FIJO DE DESCRIPCIÓN FÍSICA--INFORMACIÓN GENERAL
campo de control de longitud fija t|
008 - DATOS DE LONGITUD FIJA--INFORMACIÓN GENERAL
campo de control de longitud fija 030226s1967 it ||||1| ita d
100 1# - ENTRADA PRINCIPAL--NOMBRE DE PERSONA
Nombre de persona Califano Tentori, María.
9 (RLIN) 33672
245 10 - MENCIÓN DEL TÍTULO
Título Elenchi e cataloghi di periodici in Italia, 1946-1966 /
Mención de responsabilidad, etc. saggio per una bibliografia di María Califano Tentori.
260 ## - PUBLICACIÓN, DISTRIBUCIÓN, ETC.
Lugar de publicación, distribución, etc. Roma :
Nombre del editor, distribuidor, etc. Consiglio Nazionale delle Ricerche,
Fecha de publicación, distribución, etc. 1967.
300 ## - DESCRIPCIÓN FÍSICA
Extensión XIII, 57 p. :
Otras características físicas 2 gráf. ;
Dimensiones 24 cm.
490 1# - MENCIÓN DE SERIE
Mención de serie Bibliografia e di documentazione scientifica
710 2# - ENTRADA AGREGADA--NOMBRE DE ENTIDAD CORPORATIVA
Nombre de entidad corporativa o nombre de jurisdicción como elemento de entrada Consiglio Nazionale delle Ricerche (Roma)
9 (RLIN) 3257
830 0# - PUNTO DE ACCESO ADICIONAL DE SERIE-TÍTULO UNIFORME
Título uniforme Bibliografia e di documentazione scientifica
9 (RLIN) 229679
852 ## - LOCALIZACIÓN
Ubicación ES-MaACL
Número de control de estantería 2129-F-4
Sublocalización o colección R.105696
Holdings
Estatus retirado Estado de pérdida Estado de daño No para préstamo Colección Biblioteca de origen Biblioteca actual Ubicación en estantería Fecha de adquisición Fuente de adquisición Total de préstamos Signatura topográfica completa Código de barras Visto por última vez Precio de reemplazo Tipo de ítem Koha
        Colección de folletos Biblioteca del Ateneo de Madrid Biblioteca del Ateneo de Madrid Depósito folletos 17/01/2008     2129-F-4 1040684 23/02/2023 23/02/2023 Folleto